00510nam a2200193Ia 4500001000600000003000500006008004100011010001100052040000900063100003800072245007500110260002800185300003200213440000500245500000500250503000500255650002600260650003000286Z_938CHAP220113s198X xx 000 0 und d a164014 cCHAP aUpra Tarentaise Chambery, París aA pecuaria francésa a presenta: a Tarentaise /cper Upra Tarentaise aParis :bSopexa,c198X a1 hoja desplegable: bilus. a a a aGanado de carne I. t. aGanado vacunoxCría de